LEADER 00915nam0 22002531i 450 001 UON00308189 005 20231205104043.253 100 $a20080218d1965 |0itac50 ba 101 $aita 102 $aIT 105 $a|||| 1|||| 200 1 $aPer cause imprecisate$fCarlo Bernari 210 $aMilano$cMondadori$d1965 215 $a293 p.$d20 cm. 410 1$1001UON00174710$12001 $aNarratori Italiani$1210 $aMilano$cMondadori.$v135 620 $aIT$dMilano$3UONL000005 700 1$aBernari$bCarlo$3UONV033256$00 712 $aMondadori$3UONV245964$4650 801 $aIT$bSOL$c20250307$gRICA 899 $aSIBA - SISTEMA BIBLIOTECARIO DI ATENEO$2UONSI 912 $aUON00308189 950 $aSIBA - SISTEMA BIBLIOTECARIO DI ATENEO$dSI ITA VI 0126 $eSI MR 82295 5 0126 996 $aPer cause imprecisate$9702079 997 $aUNIOR